Coupes du Monde de Football: Danemark - Statistiques

Statistiques générales
  • Ce quiz a été pris 137 fois
    75 depuis la dernière actualisation
  • Le résultat moyen est 14 sur 18
Statistiques - réponses
Réponse % Correct
France
100%
Australie
92%
Brésil
92%
Pérou
89%
RFA
88%
Sénégal
88%
Tunisie
86%
Espagne
83%
Japon
83%
Croatie
81%
Uruguay
81%
Pays-Bas
77%
Afrique du Sud
73%
Angleterre
72%
Arabie Saoudite
66%
Cameroun
61%
Nigeria
47%
Ecosse
45%
Aucun quiz correspondant
Distribution des résultats
% des personnes avec chaque résultat
Percentile par nombre de réponses
Votre historique - résultats
Vous n’avez pas pris ce quiz depuis la dernière actualisation